00460nam a22001697a 4500003000400000008004100004082001600045100001800061245007500079260003800154300001400192650002000206650001400226650001600240650001300256700002100269OSt260119b |||||||| |||| 00| 0 eng d a338.1bB62A aBishop, C. E. aAgricultural Economic Analysis / cby C. E. Bishop and W. D. Toussaint a.- New Yorkb: John Wileyc, 1958 axiv,258p. aSocial Sciences aEconomics aAgriculture aAnalysis aToussaint, W. D.